La crise espagnole au XX siècle (Registro nro. 314615)

Detalles MARC
000 -ENCABEZADO
Número de control [NR] 00506 a2200145 4500
005 - FECHA Y HORA DE LA ÚLTIMA TRANSACCIÓN
control field 20211029094020.0
008 - DE LONGITUD FIJA DE DATOS DE ELEMENTOS - INFORMACIÓN GENERAL
Elementos de longitud fija [NR] 210804b ||||| |||| 00| 0 eng d
040 ## - FUENTE DE CATALOGACION [NR]
Agencia de catalogación original [NR] CO-BoUCM
Idioma de catalogación [NR] spa
Quien Cataloga Deissy Garcia
Quien Clasifica Deissy Garcia
100 ## - ASIENTO PRINCIPAL--NOMBRE PERSONAL [NR]
Nombre personal [NR] Rama, Carlos
ID Autoridad 104433
245 13 - MENCION DE TITULO [NR]
Título [NR] La crise espagnole au XX siècle
Mención de responsabilidad, etc. [NR] Carlos Rama
260 ## - PUBLICACION, DISTRIBUCION, ETC. (PIE DE IMPRENTA) [R]
Lugar de publicación, distribución, etc. [R] París
Nombre del editor, distribuidor, etc. [R] Librairie Fischbacher
Fecha de publicación, distribución, etc. [R] 1962
651 ## - ASIENTO SECUNDARIO DE MATERIA - NOMBRE GEOGRAFICO [R]
Nombre geográfico [NR] España
Subdivisión general [R] Política y gobierno
Subdivisión cronológica [R] Siglo XX
9 (RLIN) 104472
942 ## - ELEMENTOS DE ENTRADA AGREGADOS (KOHA)
Tema principal Historia
Tipo de ítem principal el descrito en 300a Libro
Sistema de clasificación DEWEY
Edición 1
Clasificación 946
Parte restante de la signatura top. R165c
Título oculto en OPAC No
Existencias
Signatura topográfica Código de barras Última vez visto Ejemplar Costo de reposición Price effective from Tipo de ítem Perdido Sistema de clasificación Dañado No prestable Tipo de ítem específico Suprimido Ubicación habitual Ubicación actual Localización Fecha de creación Proveedor Forma de adquisición Costo
946 R165c 100162952 09/12/2024 Ej.1 26000.00 06/08/2019 Libro   DEWEY     Libro   BodegaJK Claustro Préstamo 2 días después de solicitado 06/08/2019 12 Donación 0.00